=LDR 00000nam 2200000 4500 =001 INLIS000000000030910 =005 20130612133022 =008 ***********************************ind** =035 ##$$a0010-061300000030910 =041 ##$$a ind =082 ##$$a 028.5 =090 ##$$a 028.5, Mua m =100 ##$$a Muakhir, Ali =245 ##$$a Mencari Allah, Seeking Allah, Ali Muakhir; penerjemah, Pratama Almahdaty; editor, Imran laha =260 ##$$a [20?..] $b Jakarta =300 ##$$a 23 hlm, ilus, 19 cm....(Seri seru 25 Nabui) =650 ##$$a Bacaan Kanak-kanak =850 ##$$a NBPNMAT =990 ##$$a 0001/BPAP-NTB/20142014 =990 ##$$a 0001/BPAP-NTB/20142014 =990 ##$$a 0001/BPAP-NTB/20142014